Fringe, frog & tassel : the art of the trimmings-maker in interior decoration in Britain and Ireland

Gespeichert in:
Bibliographische Detailangaben
VerfasserIn: Westman, Annabel (VerfasserIn)
Dokumenttyp: Buch
Sprache:English
Veröffentlicht: London : PWP , 2019
Schlagwörter:
Online Zugang:Inhaltsverzeichnis
Bibliogr. Hinweis:Rezensiert in: [Rezension von: Rolf Bothe, Andreas Rietz, Polstermöbel und textile Raumausstattungen - Michel Chauveau u.a. (Hrsg.), L'art de suspendre les rideaux - Annabel Westman, Fringe, Frog & Tassel]
Verantwortlich:Annabel Westman
LEADER 03428cam a2200805 c 4500
001 1682036146
003 DE-627
005 20260417203110.0
007 tu
008 191118s2019 xxk||||| 00| ||eng c
020 |a 9781781300756  |q hbk.  |9 978-1-78130-075-6 
035 |a (DE-627)1682036146 
035 |a (DE-599)KXP1682036146 
035 |a (OCoLC)1533192818 
035 |a (OCoLC)1130284779 
040 |a DE-627  |b ger  |c DE-627  |e rda 
041 |a eng 
044 |c XA-GB 
050 0 |a NK 
082 0 |a 747.509 
084 |a KUNST  |q DE-16  |2 fid 
084 |a 21.84  |2 bkl 
084 |a 21.86  |2 bkl 
100 1 |8 1\p  |a Westman, Annabel  |e VerfasserIn  |0 (DE-588)188482369  |0 (DE-627)699405939  |0 (DE-576)135350697  |4 aut 
245 1 0 |a Fringe, frog & tassel  |b the art of the trimmings-maker in interior decoration in Britain and Ireland  |c Annabel Westman 
246 3 3 |a Fringe, frog and tassel 
264 1 |a London  |b PWP  |c 2019 
300 |a xv, 272 Seiten  |b Illustrationen  |c 28 cm 
336 |a Text  |b txt  |2 rdacontent 
336 |a unbewegtes Bild  |b sti  |2 rdacontent 
337 |a ohne Hilfsmittel zu benutzen  |b n  |2 rdamedia 
338 |a Band  |b nc  |2 rdacarrier 
583 1 |a Archivierung/Langzeitarchivierung gewährleistet  |f FID  |x XA-DE-BW  |2 pdager  |5 DE-16 
650 0 |a Draperies  |x History 
650 4 |a Draperies 
650 4 |a History 
689 0 0 |d g  |0 (DE-588)4022153-2  |0 (DE-627)104665513  |0 (DE-576)208942076  |a Großbritannien  |2 gnd 
689 0 1 |d s  |0 (DE-588)4138558-5  |0 (DE-627)104682256  |0 (DE-576)209687061  |a Heimtextilien  |2 gnd 
689 0 2 |d s  |0 (DE-588)4226723-7  |0 (DE-627)104969423  |0 (DE-576)210316446  |a Borte  |2 gnd 
689 0 3 |a z  |2 gnd  |a Geschichte 1500-1900 
689 0 |5 (DE-627) 
689 1 0 |d g  |0 (DE-588)4022153-2  |0 (DE-627)104665513  |0 (DE-576)208942076  |a Großbritannien  |2 gnd 
689 1 1 |d g  |0 (DE-588)4027667-3  |0 (DE-627)10415229X  |0 (DE-576)20897170X  |a Irland  |2 gnd 
689 1 2 |d s  |0 (DE-588)4072819-5  |0 (DE-627)106094165  |0 (DE-576)20918826X  |a Innenarchitektur  |2 gnd 
689 1 3 |d s  |0 (DE-588)4059624-2  |0 (DE-627)104704667  |0 (DE-576)209131470  |a Textilkunst  |2 gnd 
689 1 4 |d s  |0 (DE-588)4581011-4  |0 (DE-627)32522238X  |0 (DE-576)213930188  |a Draperie  |2 gnd 
689 1 5 |d s  |0 (DE-588)4715499-8  |0 (DE-627)359682308  |0 (DE-576)215663780  |a Kordel  |g Schnur  |2 gnd 
689 1 6 |d s  |0 (DE-588)4216471-0  |0 (DE-627)10504895X  |0 (DE-576)210232102  |a Pompon  |2 gnd 
689 1 7 |a z  |2 gnd  |a Geschichte 1320-1970 
689 1 |5 (DE-627) 
787 0 8 |i Rezensiert in  |a Ebeling, Jörg  |t [Rezension von: Rolf Bothe, Andreas Rietz, Polstermöbel und textile Raumausstattungen - Michel Chauveau u.a. (Hrsg.), L'art de suspendre les rideaux - Annabel Westman, Fringe, Frog & Tassel]  |d 2022  |w (DE-627)1878205404 
856 4 2 |u https://swbplus.bsz-bw.de/bsz1682036146inh.htm  |m V:DE-576;B:DE-16  |q application/pdf  |v 20200108162431  |3 Inhaltsverzeichnis  |7 1 
883 |8 1\p  |a cgwrk  |d 20241001  |q DE-101  |u https://d-nb.info/provenance/plan#cgwrk 
936 b k |a 21.84  |j Innenarchitektur  |0 (DE-627)106410407 
936 b k |a 21.86  |j Textilkunst  |0 (DE-627)106405594 
951 |a BO 
990 |a Großbritannien 
990 |a Heimtextilien 
990 |a Borte 
990 |a Geschichte 1500-1900 
990 |a Großbritannien 
990 |a Irland 
990 |a Innenarchitektur 
990 |a Textilkunst 
990 |a Draperie 
990 |a Kordel 
990 |a Pompon 
990 |a Geschichte 1320-1970 
991 |a Rezensiertes Werk 
999 |a KXP-PPN1682036146  |e 4967437419